[Event "17th Asian Continental-ch Open 2018"]
[Site "Makati City"]
[Date "2018.12.10"]
[Round "1.29"]
[White "Nguyen, Anh Khoi"]
[Black "Bai, Adelard"]
[Result "1-0"]
[WhiteElo "2480"]
[BlackElo "2100"]
[Annotator "TA"]
[PlyCount "87"]
[EventDate "2018.12.07"]
[EventType "swiss"]
[EventRounds "9"]
[EventCountry "PHI"]

{[%evp 25,87,45,33,19,20,12,13,18,8,18,84,84,86,94,97,87,106,90,111,112,112,112,116,119,116,111,168,168,168,164,155,138,319,318,323,281,279,277,439,441,738,725,729,695,698,680,1085,1062,1022,983,940,939,1225,1221,1166,1135,1588,1562,1411,1372,1721,1723,1702,1591]} 1. d4 d5 2. c4 c6 3. Nf3 Nf6 4. Nc3 dxc4 5. a4 e6 6. e3 c5 7. Bxc4 cxd4 8. exd4 Nc6 9. O-O Be7 {D16: Slav Defence: 5 a4: Lines with 5...Bg4 and 5...Na6} 10. Qe2 O-O 11. Rd1 Nb4 12. Bg5 (12. Ne5 b6 13. Qf3 Rb8 14. Qg3 Bb7 15. Bh6 {0-1 (41) Bosiocic,M (2600)-Yu,Y (2765) Batumi 2018}) 12... Nfd5 13. Nxd5 Nxd5 {LiveBook: 5 Games} 14. Bxe7 Nxe7 15. Ne5 b6 $146 ({Predecessor:} 15... Nd5 16. Ra3 Bd7 17. Bxd5 exd5 {1-0 (62) Nguyen,V (2462)-Tong,T (2191) Ho Chi Minh City 2018}) 16. Qe4 Rb8 17. Bd3 {[%csl Gd3][%cal Re4h7]} Ng6 (17... g6 $11) 18. Nc6 $40 {[%mdl 128] White is out for blood.} ({Reject} 18. Nxg6 $6 hxg6 19. h3 Bb7 $11) 18... Bb7 {Hoping for ...Qd6.} 19. Nxd8 Bxe4 20. Nxe6 $1 ({Much weaker is} 20. Bxe4 Rfxd8 21. d5 exd5 $11) 20... fxe6 21. Bxe4 Ne7 22. Bc2 Rbc8 23. Bb3 Nd5 24. Re1 Kf7 25. a5 b5 (25... Rc6 $16 26. axb6 axb6) 26. Re5 $18 Rfd8 {[#]} 27. f4 $1 {[%mdl 512]} g6 (27... Nxf4 28. Rf5+) 28. Rf1 Kf6 $2 {[#]} (28... h5 $16 29. Rfe1 Rc6) 29. g4 $1 {[%cal Bg2g4,Bg4g5][%mdl 32]} Nc7 30. g5+ Ke7 31. Rc1 Rd6 {[#]} (31... Rf8 $142 32. Kg2 Kd7) 32. d5 $1 {[%cal Bd4d5,Bd5e6,Be6e7][%mdl 544] White is clearly winning.} Rd7 (32... Rdd8 $142 33. Re2 Ne8 34. Rxe6+ Kd7) (32... Nxd5 33. Rxc8) 33. dxe6 Rd3 34. Ba2 Kd6 35. e7 Kd7 {[#]} 36. Rxc7+ $1 Kxc7 {[%mdl 4096] Endgame KRR-KRB} (36... Rxc7 37. e8=Q+) 37. Rc5+ Kd7 38. Rxc8 {KRB-KR} Rd1+ 39. Kf2 Kxe7 40. Rc7+ Kd6 41. Rxa7 Rd2+ 42. Kg3 Rxb2 43. Bg8 b4 44. Bxh7 {Precision: White = 94%, Black = 51%.} 1-0

[Event "17th Asian Continental-ch Open 2018"]
[Site "Makati City"]
[Date "2018.12.10"]
[Round "1.30"]
[White "Nouri, Alekhine"]
[Black "Vokhidov, Shamsiddin"]
[Result "0-1"]
[WhiteElo "2013"]
[BlackElo "2480"]
[Annotator "TA"]
[PlyCount "76"]
[EventDate "2018.12.07"]
[EventType "swiss"]
[EventRounds "9"]
[EventCountry "PHI"]

{[%evp 9,75,2,-3,-25,-18,-47,-28,-114,-118,-129,-119,-126,-114,-133,-122,-143,-88,-88,-100,-85,-73,-77,0,18,95,33,47,13,22,0,0,0,0,-67,-59,-69,-65,-64,-63,-53,0,0,150,143,122,-301,-323,-316,0,-207,-201,-214,-200,-206,-197,-209,-205,-248,-237,-1177,0,-914,-814,-1728,-1343,-1637,-1600,-29999]} 1. e4 e5 2. Nf3 Nc6 3. Bb5 Nge7 4. Nc3 g6 5. Nd5 (5. d4 exd4 6. Nd5 Bg7 7. Bg5 h6 8. Bf6 Bxf6 9. Nxf6+ Kf8 10. Qd2 a6 11. Bc4 Nf5 12. Nd5 Nd6 13. Bd3 Kg7 14. O-O-O Re8 {1-0 (47) Navara,D (2726)-Movsesian,S (2653) Prague 2016}) 5... Bg7 6. d3 {C60: Ruy Lopez: Unusual Black 3rd moves and 3...g6} Nxd5 7. exd5 Ne7 8. Qe2 $146 (8. O-O $11) ({Predecessor:} 8. Bc4 O-O 9. O-O d6 10. h3 Nf5 11. Bg5 Bf6 12. Bxf6 Qxf6 {½-½ (32) Schulz,P (2110)-Ratay,M (1767) Braunfels 2017}) 8... c6 $17 9. d6 Nf5 10. Bc4 Nxd6 11. Bb3 O-O 12. Bg5 Qa5+ (12... Qc7 $142 13. O-O Re8) 13. Bd2 Qc7 14. h4 {[%cal Bh2h4,Bh4h5][%mdl 32]} a5 15. a4 b5 (15... h5 $17 16. Bc3 Nf5 17. Bxe5 d6) 16. h5 $1 $11 {[%cal Rh5g6]} e4 (16... bxa4 $11 17. Rxa4 Nf5) 17. Ng5 (17. hxg6 $16 exf3 18. Qxf3 hxg6 19. Qh3 Re8+ 20. Kf1) 17... exd3 $14 (17... Bxb2 $6 18. hxg6 hxg6 19. Ra2 $16) 18. cxd3 Qd8 19. Qg4 {hxg6 is the strong threat.} Nf5 ({Don't go for} 19... Bxb2 $2 20. hxg6 $1 {[%mdl 512]} Bg7 21. Qh5 $1 $18 {[%mdl 512]}) 20. hxg6 hxg6 21. Qh3 (21. axb5 $11 Re8+ 22. Kf1) 21... Re8+ $15 22. Kf1 d5 $1 {Strongly threatening ...Ne3+!} 23. Qh7+ Kf8 {Threatens to win with ...Qf6.} 24. Nf3 b4 (24... Qf6 $15 25. Bc3 d4) 25. g4 $1 $11 {[%cal Rg4f5]} Ng3+ (25... Qf6 $1 $11 26. gxf5 Bxf5) 26. fxg3 $16 Qf6 27. Bf4 $2 {[%mdl 8192]} (27. Bd1 $16 {is forced if you want to stay better.}) 27... Bxg4 $19 28. Ng5 Qf5 $2 (28... Re2 $19 29. Rh4 Ke7 30. Rxg4 Rh8 31. Qxh8 Bxh8) 29. Bc2 $2 (29. Rh2 $1 $11 {and White stays safe.} Qxd3+ 30. Kg1 Bd4+ 31. Rf2 Bxf2+ 32. Kg2 Bf3+ 33. Kh2 (33. Nxf3 Re2 $15) 33... Bg1+ {[%mdl 64] Decoy} 34. Kxg1 Qd4+ {[%mdl 64] Double Attack} 35. Kf1 Qd3+ {[%mdl 64] Double Attack} 36. Kg1 Qd4+ {[%mdl 64] Double Attack} 37. Kf1 Qd3+ {[%mdl 64] Double Attack} 38. Kg1) 29... b3 $1 {[%cal Rb3c2][%mdl 1024] Black has strong compensation.} (29... Bxb2 30. d4 $1 $14 {[%mdl 512]}) 30. Bb1 {aiming for Rh2.} Bd4 $1 ({Don't take} 30... Bxb2 31. d4 $1 $17 {[%mdl 512]}) 31. Rh2 {[#] Black must now prevent Rf2!} Ra7 $1 $40 {[%cal Ba8a7,Ba7e7,Be7e1][%mdl 160] Black attacks with force.} 32. Rf2 {[#]} Rae7 $1 {[%cal Re7e1] And now ...Re1+ would win.} 33. Qh6+ Bg7 34. Qh4 $2 (34. d4 Bxh6 35. Bxf5 gxf5 36. Rc1) 34... Re1+ 35. Kg2 R8e2 36. Ne4 f6 37. Nc3 {[#]} Bh3+ $1 {[%mdl 512]} 38. Kf3 (38. Qxh3 Qxh3+) 38... Re3# {Accuracy: White = 34%, Black = 69%.} 0-1

[Event "17th Asian Continental-ch Open 2018"]
[Site "Makati City"]
[Date "2018.12.10"]
[Round "1.31"]
[White "Khusnutdinov, Rustam"]
[Black "Concio, Michael Jr."]
[Result "1-0"]
[WhiteElo "2470"]
[BlackElo "2034"]
[PlyCount "113"]
[EventDate "2018.12.07"]
[EventType "swiss"]
[EventRounds "9"]
[EventCountry "PHI"]
[TimeControl "40/5400+30:1800+30"]

1. e4 e5 2. Nf3 Nc6 3. Bb5 a6 4. Ba4 Nf6 5. O-O b5 6. Bb3 Be7 7. a4 Bb7 8. axb5 axb5 9. Rxa8 Bxa8 10. Qe2 O-O 11. c3 d6 12. d4 h6 13. Nbd2 b4 14. dxe5 dxe5 15. Bc2 bxc3 16. bxc3 Nd7 17. Nc4 Bc5 18. Rd1 Qe7 19. Ne3 Bxe3 20. Bxe3 Rb8 21. h3 Nf8 22. Ra1 Qe6 23. Nd2 Ne7 24. Bb3 Qg6 25. Ra6 Bc6 26. Ba4 Ra8 27. Rxa8 Bxa8 28. Qc4 Qd6 29. Bc2 Ne6 30. Qa2 Qc6 31. Bb3 Bb7 32. Qa5 Ng6 33. Qb4 Bc8 34. g3 Qb7 35. Qc4 Qa6 36. Qxa6 Bxa6 37. h4 Ngf8 38. Ba4 Nh7 39. Bb3 Nhf8 40. f3 Nd7 41. Nf1 Kf8 42. Bc1 Bxf1 43. Kxf1 Ke7 44. Ba3+ c5 45. Ke2 Kd6 46. Ke3 g5 47. hxg5 hxg5 48. Kd3 g4 49. fxg4 Ng5 50. Bc1 f6 51. Bd5 Nb6 52. c4 Kc7 53. Bd2 Nh3 54. Ba5 Ng5 55. Ke3 Nh7 56. Kf3 Nf8 57. g5 1-0

[Event "17th Asian Continental-ch Open 2018"]
[Site "Makati City"]
[Date "2018.12.10"]
[Round "1.32"]
[White "Orio, Rogelio L."]
[Black "Kunte, Abhijit"]
[Result "0-1"]
[WhiteElo "1791"]
[BlackElo "2469"]
[Annotator "TA"]
[PlyCount "80"]
[EventDate "2018.12.07"]
[EventType "swiss"]
[EventRounds "9"]
[EventCountry "PHI"]

{[%evp 13,80,24,31,1,9,0,13,0,20,-17,-4,-14,-24,-167,-105,-98,-108,-104,-82,-89,-86,-144,-140,-240,-235,-256,214,206,222,225,190,92,86,82,102,33,85,0,67,-93,0,-93,-30,-72,-13,-28,0,-251,-248,-1282,-1255,-1331,-1316,-1231,-1230,-29986,-29987,-29994,-29995,-29995,-29994,-29996,-29995,-29995,-29996,-29996,-29997,-29997,-29998]} 1. d4 Nf6 2. Bf4 b6 3. c4 e6 4. a3 Bb7 5. Nf3 g6 6. Nc3 Bg7 7. e3 O-O {LiveBook: 30 Games} 8. Bd3 {E12: Queen's Indian: Unusual White 4th moves, 4 a3, 4 Nc3 Bb7 5 a3 and 4 Nc3 Bb7} (8. h3 d6 9. Be2 Nbd7 10. O-O Qe7 {½-½ (10) Barbosa,O (2592)-Ortiz Suarez,I (2588) Arlington 2014}) 8... d6 9. e4 $146 ({Predecessor:} 9. O-O Nbd7 10. e4 Nh5 11. Be3 c5 12. d5 e5 13. Qc2 Nf4 14. g3 Nh5 15. Nb5 Ndf6 {0-1 (56) De La Cruz,M-Martinez,A (2181) Valencia 2000}) 9... Nbd7 10. Qd2 {The position is equal.} a6 (10... e5 $5 11. dxe5 dxe5 $15) 11. h4 e5 12. Bg5 exd4 13. Nd5 (13. Nxd4 $11 {and White has nothing to worry.} Qe8 14. O-O) 13... Bxd5 (13... Nc5 $19 14. Qc2 h6 15. Bxf6 Bxf6 16. Nxf6+ Qxf6) 14. cxd5 $17 Nc5 15. Qc2 Qe8 16. Bxf6 Bxf6 17. O-O-O (17. Rd1 $142) 17... b5 18. g4 (18. Rhe1 $17) 18... a5 19. e5 dxe5 $4 {[%mdl 8192]} (19... Nxd3+ $19 {avoids the disaster.} 20. Qxd3 dxe5) 20. Qxc5 $18 {[%mdl 64] Double Attack} b4 21. Bb5 $1 {[%cal Rb5e8]} (21. axb4 $6 axb4 22. g5 Be7) 21... Qc8 22. Rdg1 (22. axb4 Qxg4 23. Nd2 axb4 $17) (22. g5 $1 $18 {[%cal Rg5f6] is more deadly.} Bg7 23. a4 (23. axb4 Qf5 $11)) 22... bxa3 $16 23. bxa3 a4 24. Qc6 (24. Nd2 $16) 24... Bg7 ({Black should play} 24... Qd8 $14) 25. h5 ({White should try} 25. Nd2 $16) 25... Rb8 (25... Qd8 $1 $11) 26. Kd2 $2 (26. Nd2 $14 {keeps the upper hand.}) 26... Rb6 (26... Qd8 $1 $17 {And now ...e4 would win.} 27. h6 Bh8) 27. Qc4 (27. Qc5 $11) 27... Qb7 ({Better is} 27... Qd8 $17 28. hxg6 (28. Bxa4 Qf6 $19) 28... hxg6) 28. Bxa4 {[#] Black must now prevent h6.} Rb2+ (28... Rf6 $1 $17 {[%cal Rf6f3]} 29. Ke2 Rf4) 29. Bc2 $11 Qb6 {aiming for ...e4.} (29... d3 $5 30. Kxd3 (30. Qxd3 Rd8 $11) 30... Rd8 $16) 30. Ne1 $2 {[%mdl 8192] [#]} (30. h6 $11 {and White stays safe.} Bf6 31. g5) 30... e4 $1 $19 {Hoping for ...d3.} ({Weaker is} 30... Qa5+ 31. Ke2 $17) 31. Kc1 $2 (31. h6 Bh8 32. Ke2) 31... d3 32. Nxd3 exd3 33. Qxd3 Ra2 {( -> ...Re8)} 34. Rf1 Re8 {Black mates.} 35. hxg6 Ra1+ 36. Bb1 Qb2+ {[%mdl 64] Double Attack} 37. Kd1 Rxb1+ 38. Qxb1 Qxb1+ 39. Kd2 Qb2+ 40. Kd1 Re2 {Accuracy: White = 13%, Black = 54%.} 0-1

[Event "17th Asian Continental-ch Open 2018"]
[Site "Makati City"]
[Date "2018.12.11"]
[Round "2"]
[White "Wei, Yi"]
[Black "Xu, Yi"]
[Result "1-0"]
[WhiteElo "2728"]
[BlackElo "2533"]
[Annotator "TA"]
[PlyCount "75"]
[EventDate "2018.12.07"]
[EventType "swiss"]
[EventRounds "9"]
[EventCountry "PHI"]
[SourceTitle "playchess.com"]
[Source "ChessBase"]
[SourceQuality "1"]

{[%evp 19,75,16,27,24,21,27,23,10,8,12,16,18,37,0,14,20,16,0,5,0,0,0,0,-15,13,18,25,-89,0,0,110,129,455,452,413,428,453,451,480,483,556,543,606,592,846,856,821,812,1096,907,902,884,892,893,781,854,842,839]} 1. Nf3 Nf6 2. c4 e6 3. Nc3 d5 4. e3 b6 5. b3 a6 6. g3 {A17: English Opening: 1...Nf6 with ...Bb4} Bb7 7. Bg2 Bd6 8. Bb2 O-O 9. O-O Nbd7 10. Qe2 Re8 {LiveBook: 4 Games} (10... Qe7 11. d4 Rac8 12. Rfd1 Rfd8 {0-1 (52) Wei,Y (2734)-Wang,H (2710) Tianjin 2018}) 11. Rfd1 Qe7 $146 ({Predecessor:} 11... e5 12. cxd5 Nxd5 13. Nxd5 Bxd5 {1-0 (22) Ostrovskiy,A (2423)-Peng,D (2341) Saint Louis 2018}) 12. d4 Ne4 13. Nxe4 dxe4 14. Ne5 Nf8 15. Qc2 f5 $1 16. f4 exf3 17. Bxf3 c5 18. Nc6 Qc7 19. d5 $36 {[%mdl 2048] White has the initiative.} exd5 20. Bxd5+ Kh8 21. Nb4 cxb4 (21... Bxg3 {is more complex.} 22. hxg3 cxb4 23. Qf2 Ne6 24. Bxb7 Qxb7 25. Qxf5 Nc5) 22. Bxb7 Rad8 23. Bxa6 (23. Bg2 $11) 23... Bxg3 ({Black should try} 23... Rxe3 $17 {...Bc5 is the strong threat.} 24. Bd4 (24. Qxf5 $2 Re2 $19) 24... Re4) 24. hxg3 $11 Rxd1+ (24... Qxg3+ $11 {remains equal.} 25. Qg2 Qxe3+ 26. Kh2 Qf4+ 27. Kg1 Qe3+ 28. Kh1 Qh6+ 29. Kg1 Qe3+) 25. Rxd1 $16 Rxe3 $2 {[%mdl 8192]} (25... Qxg3+ $16 {is more resistant.} 26. Qg2 Qxe3+ 27. Kh1 Qh6+ 28. Qh2 (28. Kg1 Qe3+ 29. Kh1 Qh6+ 30. Kg1 Qe3+ $16) 28... Qc6+ 29. Kg1 Qg6+ 30. Qg2 Qxg2+ 31. Kxg2 Re2+ {[%mdl 64] Double Attack} 32. Kf3 Rxb2) 26. Qf2 $18 Rxg3+ 27. Kf1 f4 {White is clearly winning.} 28. Rd5 Ne6 29. Be5 Qf7 {[#]} 30. Bxf4 $1 {[%mdl 512]} Rc3 (30... Nxf4 31. Rd8+) 31. Be3 Qc7 32. Bxb6 Rc1+ 33. Kg2 Qc6 34. Bc8 {Threatening mate with Bxe6.} Rc2 35. Qxc2 Nf4+ 36. Kf1 {White threatens Rd8+ and mate.} Nxd5 37. Qf5 {[%cal Rf5f8]} Nf6 38. Bd4 {Accuracy: White = 68%, Black = 47%.} 1-0

[Event "17th Asian Continental-ch Open 2018"]
[Site "Makati City"]
[Date "2018.12.11"]
[Round "2"]
[White "Maghsoodloo, Parham"]
[Black "Lalith Babu M R"]
[Result "1/2-1/2"]
[WhiteElo "2688"]
[BlackElo "2529"]
[Annotator "TA"]
[PlyCount "53"]
[EventDate "2018.12.07"]
[EventType "swiss"]
[EventRounds "9"]
[EventCountry "PHI"]
[SourceTitle "playchess.com"]
[Source "ChessBase"]
[SourceQuality "1"]

{[%evp 27,53,27,34,20,39,28,37,26,31,22,20,30,21,25,24,21,16,9,20,5,17,6,11,0,24,0,0,0]} 1. d4 Nf6 2. c4 e6 3. Nf3 d5 4. Nc3 Nbd7 5. Bg5 Be7 6. e3 O-O 7. Qc2 c5 8. cxd5 Nxd5 9. Bxe7 Qxe7 10. Nxd5 exd5 11. dxc5 Nxc5 12. Bd3 {D62: Queen's Gambit Declined: Classical: 7 Qc2 c5 8 cxd5} h6 (12... Ne4 13. O-O Bg4 14. Nd4 Rac8 15. Qa4 a6 16. Qa5 Nc5 17. Qa3 Qg5 18. Rfc1 Bh3 19. Bf1 Ne4 20. Rxc8 Rxc8 {1-0 (78) Maghsoodloo,P (2636)-Mousavi,S (2458) Khomein 2018}) 13. O-O Bg4 14. Nd4 Rac8 {LiveBook: 4 Games} 15. Qd2 Ne6 16. Nb3 $146 ({Predecessor:} 16. h3 Bxh3 17. gxh3 Qg5+ 18. Kh2 Nxd4 19. f4 {1-0 (40) Corke,A (2223)-Gunina,V (2394) Belfort 2005}) 16... Ng5 17. f3 Bd7 18. Rac1 Rfe8 19. Rxc8 Rxc8 20. Bb1 Re8 21. Re1 Bc6 22. a3 Ne6 23. Nd4 Qf6 {[#] Threatens to win with ...Nxd4.} 24. Nxe6 Rxe6 25. Bd3 Re8 26. Bf1 Qe5 27. Bd3 {Accuracy: White = 38%, Black = 66%.} 1/2-1/2

[Event "17th Asian Continental-ch Open 2018"]
[Site "Makati City"]
[Date "2018.12.11"]
[Round "2"]
[White "Sethuraman, S.P."]
[Black "Megaranto, Susanto"]
[Result "1-0"]
[WhiteElo "2664"]
[BlackElo "2512"]
[Annotator "TA"]
[PlyCount "153"]
[EventDate "2018.12.07"]
[EventType "swiss"]
[EventRounds "9"]
[EventCountry "PHI"]
[SourceTitle "playchess.com"]
[Source "ChessBase"]
[SourceQuality "1"]

{[%evp 15,153,36,52,39,43,50,41,44,42,43,50,34,56,59,59,59,58,60,61,63,62,57,86,75,94,91,106,56,112,37,41,50,85,85,85,85,85,85,85,85,85,85,92,92,105,92,126,125,115,59,66,74,126,127,131,97,229,130,164,158,142,128,134,0,156,152,144,135,411,432,425,425,410,410,410,314,426,414,576,411,455,448,664,664,646,643,646,614,616,616,600,597,571,508,515,585,585,571,649,623,581,312,491,485,603,603,598,585,712,704,632,625,853,838,1093,562,569,0,881,869,892,0,839,837,805,606,599,0,839,808,816,816,1091,1070,1238,1223,5156,5156,3323,3004]} 1. e4 c6 2. d4 d5 3. e5 Bf5 4. Nf3 e6 5. Be2 Ne7 6. O-O Nd7 7. Nbd2 Ng6 {B12: Caro-Kann: Advance Variation} (7... c5 8. c3 Nc6 9. Nb3 c4 10. Nbd2 b5 11. Re1 b4 12. Nf1 Be7 13. Ng3 Bg6 14. Be3 O-O 15. h4 Bxh4 16. Nxh4 Qxh4 17. cxb4 Nxb4 {1-0 (35) Vachier Lagrave,M (2789)-Mamedyarov,S (2808) Paris 2018}) 8. Nb3 Bg4 {LiveBook: 3 Games} 9. h3 Bxf3 {White is slightly better.} 10. Bxf3 Be7 11. Bg4 c5 12. c3 {[%cal Bc2c3,Bc3d4][%mdl 32]} Qb6 13. f4 {[#]} cxd4 $146 ({Predecessor:} 13... Ngf8 14. Kh2 {½-½ (33) Fogarasi,T (2429)-Gyimesi,Z (2518) Budapest 2000}) 14. cxd4 O-O 15. Kh2 f5 16. Be2 Nb8 17. Be3 Nc6 18. Rc1 Rac8 19. Qd2 a6 20. g4 Nh4 21. Kg3 Qd8 {[#]} (21... h6 $14) 22. Nc5 (22. g5 $1 $16 Ng6 23. h4) 22... Bxc5 $1 $14 23. Rxc5 Ng6 24. gxf5 Rxf5 25. Bg4 Nge7 26. Kh2 Qd7 27. Bxf5 Nxf5 28. Bf2 Rf8 29. b4 Qe8 30. Rfc1 h6 31. a4 Nce7 32. Rc7 (32. Qd1 $16) 32... Qxa4 33. Rxb7 Ng6 (33... Rc8 $142) 34. Rb6 $16 Re8 35. Rcc6 Nf8 (35... Qb3 $16) 36. Qc2 (36. Rxa6 $18 Qb3 37. Rc1) 36... Qa3 {[#]} 37. Rc3 $1 {[%cal Rc3a3]} Qa1 38. Qc1 Qa2 39. Qc2 Qa1 40. Qd2 Ng6 41. Rcc6 Nf8 $2 {[%mdl 8192]} (41... Qb1 $16) 42. Rxa6 $18 Qb1 43. Rc1 Qe4 44. Ra3 Ne7 45. Qe3 Qf5 46. b5 {[%cal Bb4b5,Bb5b6,Bb6b7][%mdl 32]} Nfg6 47. Bg3 Qf8 48. Rb3 Nf5 (48... Rb8 $142 49. b6 Rb7) 49. Qd2 Rb8 50. b6 Kh7 51. Rc7 Qd8 52. Qb4 h5 53. Rf3 Ra8 54. Rc2 Rb8 55. b7 Qd7 56. Rb2 Qc6 57. Qc5 Qa6 58. Qc7 Qa1 (58... Nxd4 {keeps fighting.} 59. Rfb3 (59. Qxb8 Nxf3+ 60. Kg2 Qa1 $11) 59... Nxb3 60. Qxb8 Qd3) 59. Qc3 Qa7 60. Qb4 Qa6 61. Bf2 Qf1 {intending ...Ngh4.} 62. Qe1 Qa6 63. Qb1 Qa4 64. Rb6 Qd7 65. Qb5 Qc7 66. Qb1 $2 (66. Qb3 $18) 66... Qf7 $2 {[%mdl 8192]} (66... Qd7 $11 67. Ra3 Nge7) 67. Ra3 Qf8 68. Rf3 Qf7 69. Rc3 Nfe7 70. Be3 Nf5 71. Bf2 Nfe7 $1 72. Qc1 {White is clearly winning.} Qf5 73. Be3 Qf8 74. Rc7 Qf7 75. Qc2 Qf8 {[#]} 76. Rxe7 $1 {[%mdl 64] Deflection} Qxe7 77. f5 {Accuracy: White = 68%, Black = 42%.} 1-0

[Event "17th Asian Continental-ch Open 2018"]
[Site "Makati City"]
[Date "2018.12.11"]
[Round "2"]
[White "Tran, Tuan Minh"]
[Black "Adhiban, Baskaran"]
[Result "1/2-1/2"]
[WhiteElo "2524"]
[BlackElo "2695"]
[Annotator "TA"]
[PlyCount "97"]
[EventDate "2018.12.07"]
[EventType "swiss"]
[EventRounds "9"]
[EventCountry "PHI"]
[SourceTitle "playchess.com"]
[Source "ChessBase"]
[SourceQuality "1"]

{[%evp 23,97,12,24,24,16,14,48,16,25,21,35,40,38,41,34,42,23,34,48,49,70,66,102,97,155,98,121,64,82,80,86,89,94,81,87,88,81,90,89,90,84,87,91,56,45,27,84,83,78,62,82,87,65,0,0,0,81,0,652,32,39,32,32,32,32,32,59,0,0,0,0,0,0,0,0,0]} 1. d4 Nf6 2. c4 g6 3. Nc3 Bg7 4. e4 O-O 5. Be3 d6 6. Be2 c5 7. d5 e6 8. Nf3 {E73: King's Indian: Averbakh Variation without 6...c5} exd5 9. cxd5 Bg4 10. O-O Re8 11. Nd2 Bxe2 12. Qxe2 Na6 {LiveBook: 13 Games} 13. h3 Nc7 14. a4 b6 {[#]} 15. Rae1 $146 ({Predecessor:} 15. Qd3 Nd7 {½-½ (45) Rodshtein,M (2688)-Rasik,V (2466) Czech Republic 2017}) 15... a6 16. Qd3 Nd7 17. f4 b5 18. axb5 axb5 19. Nxb5 Nxb5 20. Qxb5 Nf6 21. Qd3 Ra4 {[%cal Rf6e4]} 22. b3 Rb4 {[%cal Rf6e4] [#]} 23. Bf2 $1 Nh5 (23... Qb8 $142) 24. g3 (24. Qf3 $142) 24... Qa8 25. Kh2 ({White should play} 25. Qf3 $16) 25... Bd4 $14 26. Re2 Bxf2 27. Rfxf2 {Strongly threatening f5.} Rd4 28. Qf3 {aiming for f5.} Nf6 29. e5 Nxd5 30. Ne4 dxe5 31. fxe5 Rf8 32. Nxc5 {Hoping for Nd7.} Nc7 33. Qe3 Rd1 {[%csl Ga8][%cal Rd1h1]} 34. Ne4 {Ra2 is the strong threat.} Kg7 (34... Qa1 $11 {remains equal.}) 35. Qf3 $36 {[%mdl 2048] White has strong initiative.} Ne6 36. Ra2 Qd5 $1 37. Ra7 {[%cal Rf3f7] Threatening mate with Qxf7+!} Kh6 38. Qe3+ (38. b4 $14) 38... Kg7 $11 39. Qf3 ({Better is} 39. b4 $11) 39... Kh6 $1 $16 40. Qg4 (40. b4 $16) 40... Nc5 $4 {[%mdl 8192]} (40... Kg7 $11) 41. Ra5 $2 ({And not} 41. Qh4+ Kg7 $11) (41. Qf4+ $18 Kg7 {[#]} 42. e6 $1 {[%mdl 576] Deflection} Qxe6 43. Nxc5) 41... Re1 $1 $14 {[%cal Re1e4]} 42. Rxc5 Qxe4 43. Qxe4 Rxe4 {[%mdl 4096] Endgame KRR-KRR} 44. h4 Kg7 45. Rf4 ({White should try} 45. Rb5 $1 $14) 45... Rxf4 $11 {The position is equal.} 46. gxf4 Rb8 47. Rc3 Rb4 48. Kg3 h5 49. Kf3 {Accuracy: White = 58%, Black = 64%.} 1/2-1/2